Estatísticas para Times Da Premier League 2023-24

Clique aqui para jogar o quiz

Estatísticas Gerais

  • Esse quiz foi jogado 337 vezes
    (154 desde o último reset)
  • A pontuação média é 15 de 20

Estatísticas das Respostas

Time% Correto
Manchester City
99%
Manchester United
98%
Liverpool
97%
Chelsea
96%
Arsenal
95%
Tottenham Hotspur
91%
Aston Villa
79%
Wolverhampton Wanderers
79%
West Ham United
76%
Newcastle United
75%
Everton
74%
Brighton & Hove Albion
72%
Crystal Palace
67%
Luton Town
65%
Nottingham Forest
63%
Brentford
62%
Burnley
62%
Fulham
60%
Bournemouth
57%
Sheffield United
49%

Distribuição das Pontuações

Percentil de Números Respondidos

Porcentagem de Pessoas com Cada Pontuação

Sua Pontuação Histórica

Você não jogou esse quiz desde o último reset